<?xml version="1.0" encoding="UTF-8"?>
<collection xmlns="http://www.loc.gov/MARC21/slim">
  <record>
    <leader>00000nam  2200000   4500</leader>
    <controlfield tag="001">INLIS000000000055685</controlfield>
    <controlfield tag="005">20200629031402</controlfield>
    <datafield tag="035" ind1="#" ind2="#">
      <subfield code="a">0010-0620000125</subfield>
    </datafield>
    <datafield tag="245" ind1="1" ind2="#">
      <subfield code="a">Kerja dan hubungan kerja dalam Islam /</subfield>
      <subfield code="c">Mahyudin Al Mudra, SH</subfield>
    </datafield>
    <datafield tag="100" ind1=" " ind2="#">
      <subfield code="a">Mudra, Mahyudin Al</subfield>
    </datafield>
    <datafield tag="300" ind1="#" ind2="#">
      <subfield code="a">xvi,77 hlm. ;</subfield>
      <subfield code="c">21 X 14 cm.</subfield>
    </datafield>
    <datafield tag="260" ind1="#" ind2="#">
      <subfield code="a">Yogyakarta :</subfield>
      <subfield code="b">Mitra Gama Widya,</subfield>
      <subfield code="c">1992.</subfield>
    </datafield>
    <datafield tag="082" ind1="#" ind2="#">
      <subfield code="a">2X5.3</subfield>
    </datafield>
    <datafield tag="084" ind1="#" ind2="#">
      <subfield code="a">2X5.3 MUD k</subfield>
    </datafield>
    <datafield tag="600" ind1="#" ind2="4">
      <subfield code="a">Islam-Eonomi</subfield>
    </datafield>
    <datafield tag="504" ind1="#" ind2="#">
      <subfield code="a">Bibliografi :hlm.73-76</subfield>
    </datafield>
    <datafield tag="520" ind1="#" ind2="#">
      <subfield code="a">Biografi :hlm.77</subfield>
    </datafield>
    <controlfield tag="008">200629################g##########0#ind##</controlfield>
    <datafield tag="990" ind1="#" ind2="#">
      <subfield code="a">1199700754</subfield>
    </datafield>
    <datafield tag="990" ind1="#" ind2="#">
      <subfield code="a">1199700755</subfield>
    </datafield>
  </record>
</collection>
